Využitie vysokorýchlostných kamier vo zváraní

Gespeichert in:
Bibliographische Detailangaben
1. Verfasser: Bilčík, Adam (Verfasst von)
Weitere Verfasser: Marônek, Milan (Betreuung Doktorarbeit)
Format: Manuskript Buch
Sprache:Slowakisch
Veröffentlicht: 2023
Schlagworte:
Online-Zugang:http://is.stuba.sk/zp/portal_zp.pl?podrobnosti=161988
Tags: Tag hinzufügen
Keine Tags, Fügen Sie das erste Tag hinzu!

MARC

LEADER 00000ntm a22000003a 4500
001 stuzp92868
003 SK-STU
005 20230909213608.9
007 ta
008 150427s2015----xo-----f-mn---000-0-slo-d
040 |a STU  |b slo 
041 0 |a slo 
100 1 |a Bilčík, Adam  |u 063000  |4 aut  |U MTF Materiálovotechnologická fakulta  |T MTF Ústav výrobných technológií  |X 110246  |U M3000  |Y 83  |7 110246 
242 0 1 |a The use of high-speed cameras in welding  |y eng 
245 1 0 |a Využitie vysokorýchlostných kamier vo zváraní 
260 |c 2023 
650 4 |a Vysokorýchlostná kamera  |2 slo 
650 4 |a Zváranie  |2 slo 
650 4 |a Zvarový kúpeľ  |2 slo 
650 4 |a CCD  |2 slo 
650 4 |a CMOS  |2 slo 
650 4 |a BSI CMOS  |2 slo 
650 4 |a High-speed camera  |2 eng 
650 4 |a Weld pool  |2 eng 
650 4 |a CCD  |2 eng 
650 4 |a Welding  |2 eng 
650 4 |a CMOS  |2 eng 
650 4 |a BSI CMOS  |2 eng 
700 1 |a Marônek, Milan  |u 063100  |k Z1  |4 ths  |U MTF Ústav výrobných technológií  |T MTF Katedra zvárania a spájania materiálov  |X 290  |U M3100  |Y 162  |7 A000000290 
856 4 |u http://is.stuba.sk/zp/portal_zp.pl?podrobnosti=161988 
996 |c M* BP-9516  |l MMSKP  |s P  |a 0  |w stuzp92868_0001